|
|
|
|
| LEADER |
02319nam a22004334a 4500 |
| 001 |
0017320 |
| 003 |
BD-DhAAL |
| 005 |
20250408104236.0 |
| 008 |
240605t2004 nyu b 000 0 eng |
| 010 |
|
|
|a 2004046391
|
| 020 |
|
|
|a 1845450019 (alk. paper)
|
| 020 |
|
|
|a 9781845450014 (alk. paper)
|
| 035 |
|
|
|a (OCoLC)ocm56329973
|
| 040 |
|
|
|a DLC
|c DLC
|d YDX
|d VVC
|d OCLCQ
|d BAKER
|d YDXCP
|d BTCTA
|d OCLCG
|d DLC
|d BD-DhAAL
|
| 042 |
|
|
|a pcc
|
| 043 |
|
|
|a n-us---
|a e-uk---
|
| 050 |
0 |
0 |
|a HC79.I5
|b G58 2004
|
| 082 |
0 |
0 |
|a 337
|2 22
|
| 245 |
0 |
0 |
|a Globalization :
|b critical issues /
|c edited by Allen Chun.
|
| 250 |
|
|
|a Pbk. edition.
|
| 260 |
|
|
|a New York :
|b Berghahn Books,
|c 2004.
|
| 300 |
|
|
|a 119 pages ;
|c 18 cm
|
| 490 |
1 |
|
|a Critical interventions ;
|v v. 2
|
| 500 |
|
|
|a "This volume … was originally published in Social analysis, vol. 46"--T.p. verso.
|
| 504 |
|
|
|a Includes bibliographical references.
|
| 505 |
0 |
|
|a Civil antiglobalism and the question of class / William H. Thornton -- Re-theorizing social movements in a changing global space / Chuang Ya-chung -- Mind the gap : on post-national idea(l)s and the nationalist reality / Wang Horng-luen -- Postcolonial discourse in the age of globalization / Chu Yiu-wai -- Champagne liberals and the new "dangerous classes": reconfigurations of class, identity and cultural production in the contemporary global system / Jonathan Friedman -- Shifting the frame from nation-states to global market : class and social consciousness in the advanced capitalist countries / Terence Turner.
|
| 526 |
|
|
|a PPDM
|x Mr. Mohammad Aminur Rahman
Research Assistant
|
| 541 |
|
|
|a Ahsania Mission Book Distribution House
|e 17320
|
| 650 |
|
0 |
|a Income distribution.
|
| 650 |
|
0 |
|a Equality.
|
| 650 |
|
0 |
|a Nationalism.
|
| 650 |
|
0 |
|a Globalization.
|
| 700 |
1 |
|
|a Chun, Allen John Uck Lun,
|d 1952-
|9 56506
|
| 730 |
0 |
|
|a Social analysis (Adelaide, S.A.),
|n Vol. 46.
|9 56507
|
| 830 |
|
0 |
|a Critical interventions ;
|v 2.
|9 56508
|
| 852 |
|
|
|a Ayesha Abed Library
|c General Stacks
|
| 942 |
|
|
|2 ddc
|c BK
|
| 999 |
|
|
|c 46706
|d 46706
|
| 952 |
|
|
|0 0
|1 0
|2 ddc
|4 0
|6 337_000000000000000_GLO
|7 0
|9 75614
|a BRACUL
|b BRACUL
|c GEN
|d 2024-06-05
|e Ahsania Mission Book Distribution House
|g 869.00
|l 0
|o 337 GLO
|p 3010017320
|r 2024-06-05
|t 1
|w 2024-06-05
|y BK
|x Requisitioned by Mr. Mohammad Aminur Rahman (Research Assistant)
|